Animals only found in Australia - Statistics

General Stats
  • This quiz has been taken 54 times
    46 since last reset
  • The average score is 8 of 16
Answer Stats
Answer % Correct
Kangaroo
100%
Koala
94%
Emu
77%
Platypus
74%
Wombat
68%
Dingo
65%
Echidna
61%
Wallaby
61%
Tasmanian Devil
52%
Kookaburra
48%
Quokka
42%
Quoll
26%
Tree Kangaroo
23%
Pademelon
16%
Fairy Penguin
3%
Lyrebird
3%
No matching quizzes found
Score Distribution
Percent of People with Each Score
Percentile by Number Answered
Your Score History
You have not taken this quiz since the last reset